| 000 | 00799nam a2200253 u 4500 | ||
|---|---|---|---|
| 001 | 000057730 | ||
| 005 | 20200120223734.0 | ||
| 008 | 130625s2010 ck a gr 000 0 spa d | ||
| 020 | _a9789583034978 | ||
| 041 | 0 | _a*spa | |
| 043 | _as-ck--- | ||
| 090 |
_aP _bNIÑpo |
||
| 100 | 1 | _aNiño, Jairo Aníbal | |
| 245 | 1 | 0 |
_a¿Por qué los pajáros azules azules no comen hormigas? / _cJairo Aníbal Niño ; ilustraciones de María Margarita Reyes. |
| 250 | _a1a. ed. | ||
| 260 |
_aBogotá : _bPanamericana, _c2010. |
||
| 300 |
_a123 p. : _bil. |
||
| 490 | 0 |
_aColección corcel _ppoesía |
|
| 500 | _aIncluye datos biográficos del autor | ||
| 650 | 1 | 4 | _aPoesía infantil colombiana |
| 650 | 2 | 4 | _aAnimales en la literatura |
| 650 | 1 | 7 | _aLiteratura infantil |
| 700 | 1 |
_aReyes, María Margarita _eil. |
|
| 999 |
_c6992 _d6992 |
||